|
|
|
|
| LEADER |
01046cas a2200217 a 4500 |
| 001 |
AALejournalJSTOR000608 |
| 008 |
230228c9999 xx r poo 0 0eng d |
| 022 |
|
|
|a 1302-177X
|
| 022 |
|
|
|a 2564-7717
|
| 040 |
|
|
|a BD-DhAAL
|c BD-DhAAL
|
| 245 |
0 |
0 |
|h [electronic resource]
|a Insight Turkey
|
| 260 |
|
|
|b SET VAKFI İktisadi İşletmesi, SETA VAKFI
|
| 300 |
|
|
|a 1 online resource
|
| 362 |
0 |
|
|a no. 1
|
| 500 |
|
|
|a <strong>Off-Campus Access:</strong> Athens ID and Password Required
|
| 500 |
|
|
|a <strong>On-Campus Access:</strong> No User ID or Password Required
|
| 506 |
|
|
|a Electronic access restricted to authorized BRAC University faculty, staff and students
|
| 538 |
|
|
|a Mode of access: Internet
|
| 650 |
|
4 |
|a International Relations ; Political Science ; Security Studies ; Social Sciences
|
| 856 |
4 |
0 |
|z Full text available on JSTOR[1997-01-01 - 2022-10-01]
|u https://www.jstor.org/journal/insightturkey
|
| 856 |
4 |
0 |
|z Off-campus access
|u https://go.openathens.net/redirector/bracu.ac.bd?url=https%3A%2F%2Fwww.jstor.org%2Fjournal%2Finsightturkey
|